| 000 | 01557cam a22002651i 4500 | ||
|---|---|---|---|
| 003 | SA-RiAUC | ||
| 005 | 20260315145020.0 | ||
| 008 | 260226s1895 ua g 000 0bara c | ||
| 040 |
_aSA-JeALM _bara _cSA-RiAUC _erda |
||
| 082 | 0 | 4 | _a922.6 |
| 090 |
_aم ن 922.6 _bا ب ن س |
||
| 100 | 1 |
_aابن سند البصري، عثمان بن سند النجدي، _d1180-1242 هجري _eمؤلف. |
|
| 245 | 1 | 0 |
_aأصفى الموارد من سلسال أحوال الإمام خالد / _cتأليف عثمان بن سند الوائلي النجدي. وبهامشه كتاب الحديقة الندية من آداب الطريقة النقشبندية والبهجة الخالدية / تأليف محمد بن سليمان الحنفي البغدادي. |
| 264 | 1 | _c[1833] | |
| 300 |
_a120صفحة؛ _c29 سم. |
||
| 336 |
_aنص _btxt _2rdacontent _3كتاب |
||
| 337 |
_aبدون وسيط _bn _2rdamedia |
||
| 338 |
_aمجلد _bnc _2rdacarrier |
||
| 600 | 1 | 7 |
_aخالد النقشبندي، خالد بن أحمد بن حسين، _cالشيخ، _d1190-1242 هجري _2aucnm |
| 650 | 7 |
_aالنقشبندية (طرق صوفية) _vتراجم _2aucsh |
|
| 700 | 1 | 2 |
_aالبغدادي، محمد بن سليمان، _dتوفي 1234 هجري _tالحديقة الندية من آداب الطريقة النقشبندية والبهجة الخالدية. |
| 740 | 2 | 2 | _aالحديقة الندية من آداب الطريقة النقشبندية والبهجة الخالدية. |
| 942 |
_2ddc _cRBOOK COPY _n0 |
||
| 949 |
_aSA-JeALM _d260226 _umohamedma123 _n1 |
||
| 999 |
_c14616 _d14616 |
||